[Event "World Blitz 2023"]
[Site "Samarkand UZB"]
[Date "2023.12.30"]
[Round "20.66"]
[White "Vakhidov, Daler"]
[Black "Averin, Nikolay"]
[Result "0-1"]
[WhiteElo "2110"]
[BlackElo "2283"]
[EventDate "2023.12.29"]

1. d4 d5 2. Nf3 Nf6 3. g3 Bf5 4. Bg2 c6 5. O-O Nbd7 6. c4 e6 7. Nc3 dxc4 8.
a4 a5 9. Nh4 Bg4 10. h3 Bh5 11. Qc2 Nd5 12. e4 Nb4 13. Qb1 Be7 14. Nf3 O-O
15. Be3 Bxf3 16. Bxf3 e5 17. Rd1 exd4 18. Rxd4 Qc7 19. Be2 Ne5 20. f4 Ned3
21. Rxc4 Rfd8 22. Na2 Qd7 23. Kh2 Qe6 24. Bxd3 Rxd3 25. Qc1 Nxa2 26. Rxa2
Rxe3 0-1

[Event "World Blitz 2023"]
[Site "Samarkand UZB"]
[Date "2023.12.30"]
[Round "20.67"]
[White "Vescovi, Giovanni"]
[Black "Ilkhomi, Jaloliddin"]
[Result "1-0"]
[WhiteElo "2593"]
[BlackElo "2054"]
[EventDate "2023.12.29"]

1. Nf3 Nf6 2. d4 e6 3. c4 b6 4. g3 Bb7 5. Bg2 Bb4+ 6. Bd2 Bxd2+ 7. Nbxd2
O-O 8. O-O c5 9. dxc5 bxc5 10. Re1 d6 11. e4 Nc6 12. b3 Qc7 13. Nb1 Rad8
14. Nc3 a6 15. Qd2 e5 16. Nd5 Nxd5 17. exd5 Ne7 18. a3 a5 19. Rec1 Ra8 20.
Rab1 Bc8 21. Nh4 Nf5 22. Nf3 Ne7 23. Nh4 Nf5 24. Nf3 Ne7 25. Nh4 Bf5 26.
Rb2 Rfb8 27. f4 f6 28. Rf1 Rf8 29. h3 Bd7 30. Kh2 Nf5 31. Nxf5 Bxf5 32.
fxe5 fxe5 33. Qc3 Bd7 34. Rbf2 Rxf2 35. Rxf2 Rf8 36. Rb2 Rb8 37. Be4 Qd8
38. Qd3 h6 39. Rf2 Qe7 40. Qc3 a4 41. b4 cxb4 42. axb4 Rc8 43. Rc2 Bb5 44.
c5 Qg5 45. c6 Ba6 46. Rf2 Bb5 47. Bb1 Re8 48. Be4 Rc8 49. Qe1 Ra8 50. Bb1
a3 51. Qe4 g6 1-0

[Event "World Blitz 2023"]
[Site "Samarkand UZB"]
[Date "2023.12.30"]
[Round "20.68"]
[White "Kuziev, Miraziz"]
[Black "Leiva, Gianmarco"]
[Result "1-0"]
[WhiteElo "2196"]
[BlackElo "2338"]
[EventDate "2023.12.29"]

1. d4 Nf6 2. c4 e6 3. Nc3 Bb4 4. e3 O-O 5. Bd2 d5 6. Nf3 b6 7. cxd5 exd5 8.
Rc1 a6 9. Bd3 Bb7 10. Ne5 Nbd7 11. f4 Bd6 12. O-O c5 13. Be1 cxd4 14. exd4
Ne4 15. Nxe4 dxe4 16. Bc4 Rc8 17. Qb3 Qe7 18. Bh4 Qe8 19. Rce1 Be7 20. Nxf7
Rxf7 21. Bxf7+ Qxf7 22. Bxe7 Qxb3 23. axb3 Kf7 24. Bd6 Ke6 25. Be5 g6 26.
Rc1 Rg8 27. Rc7 Bd5 28. Kf2 Rf8 29. Ke3 Rf7 1-0

[Event "World Blitz 2023"]
[Site "Samarkand UZB"]
[Date "2023.12.30"]
[Round "20.69"]
[White "Shogdzhiev, Roman"]
[Black "Khusenkhojaev, Mustafokhuja"]
[Result "0-1"]
[WhiteElo "2117"]
[BlackElo "2082"]
[EventDate "2023.12.29"]

1. e4 e5 2. Nf3 Nc6 3. Bc4 Bc5 4. c3 Nf6 5. d4 exd4 6. e5 d5 7. Bb5 Ne4 8.
cxd4 Bb6 9. Nc3 O-O 10. Be3 Bg4 11. h3 Bh5 12. Qc2 Bg6 13. Qb3 Ne7 14. O-O
c6 15. Bd3 Nf5 16. Qc2 c5 17. dxc5 Nxe3 18. fxe3 Bxc5 19. Nd4 Rc8 20. Rac1
Nxc3 21. bxc3 Qe7 22. Bxg6 fxg6 23. Rxf8+ Rxf8 24. e6 Bxd4 25. exd4 Qxe6
26. Qd3 b6 27. c4 dxc4 28. Rxc4 Qe1+ 29. Kh2 Qf2 30. Rc2 Qf4+ 31. Kh1 Re8
32. Qd1 Qe4 33. Kh2 Qf4+ 34. Kh1 Rf8 35. d5 Qf1+ 36. Qxf1 Rxf1+ 37. Kh2 Rd1
38. Rc8+ Kf7 39. Rc7+ Kf6 40. Rxa7 Rxd5 41. Ra6 Rd6 42. a4 Re6 43. a5 bxa5
44. Rxa5 g5 45. Ra8 Kg6 46. Ra5 Rf6 47. Ra4 h6 48. Re4 Rf4 49. Re7 Rf7 50.
Re4 Kf5 51. Ra4 Re7 52. Kg3 Re3+ 53. Kf2 Re7 54. Ra5+ Kf6 55. Ra6+ Re6 56.
Ra7 g6 57. Rh7 h5 58. Ra7 Rb6 59. Ra5 Re6 60. Rb5 Re5 61. Rb4 Rc5 62. Ra4
Kf5 63. g4+ Ke5 64. Ra6 hxg4 65. hxg4 Kf4 66. Ra4+ Ke5 67. Ra6 Rc4 68. Rxg6
Kf4 69. Rf6+ Kxg4 70. Kg2 Rc2+ 71. Kf1 Kg3 72. Ra6 g4 73. Ra3+ Kh2 74. Ra8
Rc1+ 75. Ke2 Kg2 76. Rg8 g3 77. Rg7 Rc8 78. Rg6 Re8+ 79. Kd3 Kf2 80. Rf6+
Kg1 81. Rg6 g2 82. Rg7 Re5 83. Kd4 Rh5 84. Ke3 Kh1 85. Kf2 Rf5+ 86. Ke2
g1=Q 87. Rxg1+ Kxg1 88. Ke3 Kg2 89. Ke4 Rf3 90. Kd4 Kf2 91. Ke4 Ke2 92. Kd4
Re3 93. Kd5 Kd3 94. Kc5 Re4 95. Kd5 Ke3 96. Kc5 Rd4 97. Kb5 Kd3 98. Kc5 Kc3
99. Kb5 Rc4 100. Ka5 Rb4 101. Ka6 Kc4 102. Ka5 Kc5 103. Ka6 Rb1 104. Ka7
Kc6 105. Ka8 Kc7 106. Ka7 Ra1# 0-1

[Event "World Blitz 2023"]
[Site "Samarkand UZB"]
[Date "2023.12.30"]
[Round "20.70"]
[White "Bryakin, Mikhail"]
[Black "Tissir, Mohamed"]
[Result "1-0"]
[WhiteElo "2495"]
[BlackElo "2458"]
[EventDate "2023.12.29"]

1. d4 e6 2. c4 c5 3. d5 exd5 4. cxd5 d6 5. Nc3 Ne7 6. e4 Ng6 7. f4 Be7 8.
Nf3 O-O 9. Bd3 a6 10. a4 Bf6 11. O-O Re8 12. Qc2 Bg4 13. Bd2 Bxf3 14. Rxf3
Nd7 15. Re1 Rc8 16. b3 Bd4+ 17. Kh1 Nf6 18. Ne2 Nd7 19. Nxd4 cxd4 20. Qb2
Nc5 21. Bb1 Qf6 22. a5 d3 23. Qxf6 gxf6 24. Bxd3 Nxb3 25. Bb4 Nc5 26. Bb1
Re7 27. g4 Nf8 28. Rc3 Nfd7 29. Kg2 Rce8 30. Kf3 Rb8 31. h4 b6 32. Bc2 bxa5
33. Bxa5 Rb2 34. Bc7 Nb7 35. Rb1 Rxb1 36. Bxb1 Re8 37. Rc6 Ra8 38. Bxd6
Nxd6 39. Rxd6 Nc5 40. Rc6 Nd7 41. Rd6 Nc5 42. Rxf6 a5 43. Rc6 Nd7 44. e5 a4
45. Ba2 Rb8 46. Rc4 a3 47. Ra4 Nc5 48. Rxa3 Rb4 49. d6 1-0

[Event "World Blitz 2023"]
[Site "Samarkand UZB"]
[Date "2023.12.30"]
[Round "20.71"]
[White "Kuandykuly, Danis"]
[Black "Zilka, Stepan"]
[Result "1-0"]
[WhiteElo "1718"]
[BlackElo "2494"]
[EventDate "2023.12.29"]

1. d4 d5 2. c4 dxc4 3. e3 Nf6 4. Bxc4 e6 5. Nc3 a6 6. Nf3 c5 7. O-O b5 8.
Bb3 Bb7 9. Qe2 Nbd7 10. Rd1 Be7 11. d5 exd5 12. Nxd5 Nxd5 13. Bxd5 Bxd5 14.
Rxd5 Qc7 15. e4 Nb6 16. Rh5 O-O-O 17. b3 g6 18. Rh3 Bf6 19. Rb1 h5 20. Be3
Nd7 21. Rc1 Kb8 22. Ng5 Bxg5 23. Bxg5 Rde8 24. Qf3 Ne5 25. Qc3 c4 26. Bf4
f6 27. bxc4 Qxc4 28. Bxe5+ Rxe5 29. Qxc4 bxc4 30. Rxc4 Rhe8 31. Re3 Ka8 1-0

[Event "World Blitz 2023"]
[Site "Samarkand UZB"]
[Date "2023.12.30"]
[Round "20.72"]
[White "Wanyama, Harold"]
[Black "Botiraliev, Abdumajid"]
[Result "1-0"]
[WhiteElo "2228"]
[BlackElo "1515"]
[EventDate "2023.12.29"]

1. e4 e5 2. Nf3 Nc6 3. Bb5 a6 4. Ba4 Nf6 5. d3 b5 6. Bb3 Be7 7. O-O O-O 8.
Re1 d6 9. c3 Na5 10. Bc2 c5 11. d4 exd4 12. cxd4 Bg4 13. Nbd2 cxd4 14. h3
Bh5 15. g4 Bg6 16. Nxd4 Rc8 17. f4 Qb6 18. Nf3 Nc6 19. f5 Nxd4 20. Nxd4
Rxc2 21. Qxc2 Qxd4+ 22. Be3 Qe5 23. fxg6 fxg6 24. Rad1 Nxe4 25. Bd4 Qg3+
26. Qg2 Qxg2+ 27. Kxg2 d5 28. Bb6 Bh4 29. Re2 Rb8 30. Rxd5 Rxb6 31. Rxe4 h6
32. Re2 Bf6 33. Red2 Rb8 34. b3 g5 35. Rd6 a5 36. Rc2 a4 37. Rdc6 axb3 38.
Rc8+ Kh7 39. Rxb8 bxc2 40. Rc8 b4 41. Rxc2 Kg6 42. Rc6 Kf7 43. Kf3 Bc3 44.
Ke4 Be1 45. Kd5 Ke7 46. Kc4 Kf7 47. Rb6 g6 48. Rxb4 Bxb4 49. Kxb4 h5 50.
Kc5 Ke7 51. Kd5 1-0

[Event "World Blitz 2023"]
[Site "Samarkand UZB"]
[Date "2023.12.30"]
[Round "20.73"]
[White "Sklokin, Sergey"]
[Black "Xie, Felix"]
[Result "0-1"]
[WhiteElo "1995"]
[BlackElo "2107"]
[EventDate "2023.12.29"]

1. e4 c5 2. Nf3 e6 3. c3 d5 4. exd5 exd5 5. d4 Nc6 6. Bd3 Bd6 7. h3 Nge7 8.
O-O O-O 9. Re1 cxd4 10. cxd4 Bf5 11. Bxf5 Nxf5 12. Nc3 Bb4 13. Bg5 f6 14.
Be3 Kh8 15. Qd3 Nd6 16. Nd2 Bxc3 17. bxc3 Na5 18. Rab1 b6 19. Bf4 Ndc4 20.
Nf1 Qd7 21. Ng3 Nb7 22. h4 Nbd6 23. Re2 Rae8 24. Rbe1 Rxe2 25. Rxe2 Re8 26.
h5 Kg8 27. Qf3 Qf7 28. Kh2 Rxe2 29. Qxe2 Kf8 30. Kg1 Qe7 31. Qf3 Qe6 32.
Kh2 Ne4 33. Nxe4 dxe4 34. Qg3 Qd5 35. h6 g6 36. Kg1 a5 37. Bb8 Qc6 38. Qf4
Ke7 39. Qg4 Qe6 40. Qg3 Qc6 41. Bf4 Nb2 42. Bd2 Qd6 43. Qg4 Qe6 44. Qe2 Nd3
45. c4 f5 46. Bg5+ Kd7 47. d5 Qe5 48. g3 Qa1+ 49. Kh2 Ne5 50. g4 Nf3+ 51.
Kg3 Qg1+ 52. Kf4 Qxg4+ 53. Ke3 Qxg5# 0-1

[Event "World Blitz 2023"]
[Site "Samarkand UZB"]
[Date "2023.12.30"]
[Round "20.74"]
[White "Song, Raymond"]
[Black "Nafri, Khalil"]
[Result "1-0"]
[WhiteElo "2383"]
[BlackElo "2151"]
[EventDate "2023.12.29"]

1. d4 Nf6 2. c4 g6 3. g3 Bg7 4. Bg2 O-O 5. Nc3 d6 6. Nf3 a6 7. O-O Nc6 8.
b3 Rb8 9. d5 Na5 10. Bg5 c5 11. dxc6 Nxc6 12. Rc1 Bf5 13. Nd5 Nxd5 14. cxd5
Ne5 15. Nd4 Bd7 16. h3 h6 17. Be3 g5 18. Qd2 Rc8 19. f4 gxf4 20. Bxf4 Qb6
21. Be3 Rxc1 22. Rxc1 Rc8 23. Nc6 Qxe3+ 24. Qxe3 bxc6 25. dxc6 Bxc6 26.
Bxc6 Nxc6 27. Kg2 e6 28. Qd3 d5 29. Qxa6 Rc7 30. Rxc6 1-0

[Event "World Blitz 2023"]
[Site "Samarkand UZB"]
[Date "2023.12.30"]
[Round "20.75"]
[White "Tregubenko, Nikolay"]
[Black "Amangeldy, Ernur"]
[Result "0-1"]
[WhiteElo "1955"]
[BlackElo "2144"]
[EventDate "2023.12.29"]

1. e4 c5 2. Nf3 d6 3. d4 cxd4 4. Nxd4 Nf6 5. Nc3 Bd7 6. Bg5 e6 7. Qd2 h6 8.
Be3 a6 9. f3 Nc6 10. O-O-O Be7 11. g4 b5 12. h4 Ne5 13. Bf2 Rc8 14. Bd3 Qc7
15. g5 Nh5 16. Kb1 Nxd3 17. Qxd3 Qc4 18. Qd2 g6 19. f4 a5 20. f5 b4 21.
Nce2 e5 22. f6 exd4 23. fxe7 Bg4 24. Rhe1 Kxe7 25. Bxd4 Rhd8 26. Rc1 Bxe2
27. Rxe2 hxg5 28. hxg5 a4 29. Rf1 b3 30. c3 bxa2+ 31. Ka1 a3 32. Ref2 axb2+
33. Qxb2 Rf8 34. Qe2 Qxe2 35. Rxe2 Ng3 36. Bf6+ Ke6 37. Rff2 Nxe2 38. Rxe2
Ra8 39. Rh2 Rfb8 40. Rh1 Ra4 41. Re1 Rb1+ 42. Rxb1 axb1=Q+ 43. Kxb1 Rxe4
44. Kc2 Kd5 45. Kd3 Rh4 46. Ke3 Kc4 47. Kf3 d5 48. Ke3 Rh3+ 49. Kf4 Rxc3
50. Bxc3 Kxc3 51. Ke5 d4 52. Kf6 d3 53. Kxf7 d2 54. Kxg6 d1=Q 55. Kf7 Qd7+
56. Kf6 Qe8 57. g6 Qg8 58. g7 0-1

[Event "World Blitz 2023"]
[Site "Samarkand UZB"]
[Date "2023.12.30"]
[Round "20.76"]
[White "Yonal, Timur"]
[Black "Harutyunyan, Tigran K."]
[Result "0-1"]
[WhiteElo "1862"]
[BlackElo "2407"]
[EventDate "2023.12.29"]

1. e4 e5 2. Nf3 Nc6 3. Bb5 a6 4. Ba4 Nf6 5. O-O Be7 6. Re1 b5 7. Bb3 O-O 8.
c3 Na5 9. Bc2 d5 10. d3 dxe4 11. dxe4 Qxd1 12. Rxd1 Bb7 13. Nxe5 Bd6 14.
Nf3 Bxe4 15. Bxe4 Nxe4 16. Nbd2 Rfe8 17. Nxe4 Rxe4 18. b3 Rae8 19. Be3 f5
20. Kf1 h6 21. Nd4 Bxh2 22. Nxf5 Rf8 23. Rd4 Rxd4 24. Nxd4 Be5 25. Rc1 Re8
26. Nf3 Bf6 27. Bd4 Bxd4 28. Nxd4 c5 29. Nf5 Re5 30. Ne3 c4 31. b4 Nc6 32.
Rd1 Re6 33. Rd5 Ne5 34. a4 bxa4 35. Ra5 Nd3 36. Rxa4 Nb2 37. Ra2 Nd3 38.
Ra5 g6 39. Rd5 h5 40. Rd8+ Kg7 41. Rc8 Nb2 42. Nxc4 Nd1 43. Nd2 g5 44. Rc7+
Kg6 45. c4 Rd6 46. Ne4 Rd4 47. f3 Ne3+ 48. Kf2 Nxc4 49. Rc6+ Kg7 50. Rxa6
Rd1 51. Nxg5 Rd2+ 52. Kg3 Ne3 53. Ne4 Rxg2+ 54. Kf4 Nd5+ 55. Ke5 Nxb4 56.
Ra7+ Kg6 57. f4 Nd3+ 58. Kd4 Nxf4 59. Ra6+ Kf5 60. Ra5+ Kg6 61. Ra6+ Kg7
62. Ra7+ Kh6 63. Ra6+ Ng6 64. Ke3 Rg4 65. Nf6 Rb4 66. Nxh5 Kxh5 67. Ra5+
Kg4 68. Rd5 Nf4 69. Rd4 Rb3+ 70. Ke4 Rb8 71. Ke3 Re8+ 72. Re4 Rf8 73. Rd4
Kg3 74. Ra4 Re8+ 75. Kd4 Kf3 76. Kc5 Rd8 77. Ra3+ Ke4 78. Ra4+ Ke5 79. Kc6
Rc8+ 80. Kd7 Rc1 81. Ra5+ Nd5 82. Rb5 Rc7+ 83. Kd8 Ra7 84. Ke8 Ke6 85. Rb8
Rh7 0-1

[Event "World Blitz 2023"]
[Site "Samarkand UZB"]
[Date "2023.12.30"]
[Round "20.77"]
[White "Bogdan, David"]
[Black "Turayev, Shahruh"]
[Result "0-1"]
[WhiteElo "1880"]
[BlackElo "2168"]
[EventDate "2023.12.29"]

1. e4 d5 2. exd5 Qxd5 3. Nc3 Qa5 4. d4 Nf6 5. Nf3 Nc6 6. Bd2 a6 7. Bc4 Qh5
8. h3 Bg4 9. Be3 O-O-O 10. Be2 e5 11. d5 Bb4 12. Bd2 Bxc3 13. bxc3 Nxd5 14.
Qc1 e4 0-1

[Event "World Blitz 2023"]
[Site "Samarkand UZB"]
[Date "2023.12.30"]
[Round "21.1"]
[White "Aronian, Levon"]
[Black "Carlsen, Magnus"]
[Result "1/2-1/2"]
[WhiteElo "2772"]
[BlackElo "2887"]
[EventDate "2023.12.29"]

1. e4 e5 2. Nf3 Nc6 3. Bb5 a6 4. Ba4 Nf6 5. Nc3 Be7 6. O-O b5 7. Bb3 d6 8.
a4 Rb8 9. axb5 axb5 10. Nd5 O-O 11. Re1 Nxd5 12. Bxd5 Nb4 13. Bb3 c5 14. d3
Qc7 15. Bd2 Nc6 16. h3 Bd7 17. c3 c4 18. Bc2 cxd3 19. Bxd3 Na5 20. Bg5
1/2-1/2

[Event "World Blitz 2023"]
[Site "Samarkand UZB"]
[Date "2023.12.30"]
[Round "21.3"]
[White "Artemiev, Vladislav"]
[Black "Caruana, Fabiano"]
[Result "1/2-1/2"]
[WhiteElo "2799"]
[BlackElo "2815"]
[EventDate "2023.12.29"]

1. d4 Nf6 2. Nf3 g6 3. g3 Bg7 4. Bg2 d6 5. O-O O-O 6. Nc3 c6 7. a4 d5 8.
Re1 Ne4 9. Nxe4 dxe4 10. Nd2 f5 11. c3 Be6 12. f3 exf3 13. exf3 Bd5 14. Qe2
Nd7 15. f4 e6 16. Nf3 h6 17. Be3 Kh7 18. Nd2 Nf6 19. Bf2 Re8 20. Nf3 Be4
21. Nd2 Bd5 22. Nf3 a5 23. Nd2 Qb6 24. Nc4 Qc7 25. Qe5 Qe7 26. Qe2 Ng4 27.
Nb6 Rad8 28. Nxd5 cxd5 29. Bf3 Nf6 30. Kg2 Ne4 31. Be3 Qc7 32. Ra3 b6 33.
Qd3 Bf6 34. Rf1 h5 35. h4 Be7 36. Raa1 Rb8 37. Be2 Rec8 38. Qd1 Kg7 39. Ba6
Rd8 40. Bd3 Bf6 41. Qe2 Nd6 42. Bf2 Re8 43. Rfe1 Qc6 44. Ra2 Re7 45. Be3
Nc4 46. Bxc4 dxc4+ 47. Qf3 Qd5 48. Bc1 Kf7 49. Re2 b5 50. axb5 Rxb5 51.
Qxd5 exd5 52. Rxe7+ Bxe7 53. Kf3 Ke6 54. Ke2 Kd6 55. Kd1 Kc7 56. Kc2 Kb6
57. Bd2 Kc6 58. Ra1 Kd7 59. Be3 Bd8 60. Bd2 Bc7 61. Be3 Rb8 62. Bf2 Re8 63.
Re1 Re4 64. Kd2 Kc6 65. Ra1 Kb5 66. Kd1 Bd6 67. Kd2 a4 68. Be3 Re8 69. Ra2
Ra8 70. Kc2 Ra7 71. Ra1 Rb7 72. Ra2 Rb8 73. Ra1 a3 74. bxa3 Ka4 75. Bd2 Re8
76. Re1 Re4 77. Re3 Kxa3 78. Re1 Ka2 79. Be3 Re8 80. Bd2 Re4 81. Be3 Ba3
82. Bd2 Bd6 83. Be3 Bf8 84. Bd2 Ba3 85. Be3 Re6 86. Bd2 Rb6 87. Re5 Rb2+
88. Kd1 Rb1+ 89. Kc2 Rb2+ 90. Kd1 Rb1+ 91. Kc2 Rb2+ 92. Kd1 1/2-1/2

[Event "World Blitz 2023"]
[Site "Samarkand UZB"]
[Date "2023.12.30"]
[Round "21.4"]
[White "Vachier-Lagrave, Maxime"]
[Black "Aravindh, Chithambaram Vr."]
[Result "1/2-1/2"]
[WhiteElo "2748"]
[BlackElo "2584"]
[EventDate "2023.12.29"]

1. e4 c5 2. Nf3 e6 3. b3 a6 4. c4 Nc6 5. Bb2 Qc7 6. g3 Nf6 7. e5 Ng4 8. Qe2
d6 9. exd6 Bxd6 10. Bxg7 Rg8 11. Bb2 Bd7 12. Bg2 O-O-O 13. Nc3 f5 14. Nd1
e5 15. Ne3 e4 16. Nh4 Nd4 17. Bxd4 cxd4 18. Nexf5 d3 19. Qd1 Nxf2 20. Kxf2
Bc5+ 21. Ne3 Bg4 22. Qe1 Qe5 23. Rf1 Be2 24. Kg1 Bxe3+ 25. dxe3 Bxf1 26.
Qxf1 Rgf8 27. Nf5 Rxf5 28. Bh3 Rf8 29. Rd1 Kb8 30. Bxf5 Rxf5 31. Qg2 Rf3
32. Qd2 h5 33. Rf1 Rxf1+ 34. Kxf1 Qa1+ 35. Kg2 Qb1 36. Qa5 Qc2+ 37. Kh3 d2
38. Qd8+ 1/2-1/2

[Event "World Blitz 2023"]
[Site "Samarkand UZB"]
[Date "2023.12.30"]
[Round "21.5"]
[White "Daneshvar, Bardiya"]
[Black "Nepomniachtchi, Ian"]
[Result "1/2-1/2"]
[WhiteElo "2483"]
[BlackElo "2795"]
[EventDate "2023.12.29"]

1. Nf3 Nf6 2. g3 d5 3. Bg2 e6 4. O-O Be7 5. d4 O-O 6. Nbd2 c5 7. dxc5 Bxc5
8. c4 Nc6 9. e3 a6 10. a3 Be7 11. b4 b6 12. Bb2 Bb7 13. Rc1 Rc8 14. Qe2 Qc7
15. cxd5 Nxd5 16. Nc4 b5 17. Na5 Qb8 18. Nxb7 Qxb7 19. Nd2 Qb8 20. Nb3 Ne5
21. Na5 Bf6 22. Rfd1 Nb6 23. Rxc8 Nxc8 24. Bb7 Nd6 25. Bg2 Ndc4 26. Bxe5
Nxe5 27. Nc6 Nxc6 28. Bxc6 Rc8 29. Be4 g6 30. Qf3 Qe5 31. Bb7 Rc3 32. Bxa6
Rxa3 33. Bxb5 Rb3 34. Qf4 Qxf4 35. exf4 Rxb4 36. Bf1 Bd4 37. Rd2 Kg7 38.
Kg2 h6 39. Rc2 Rb7 40. Rd2 Ba7 41. Ra2 g5 42. fxg5 hxg5 43. Ra4 Rd7 44. Be2
Bb6 45. h4 Rd2 46. Kf1 gxh4 47. Rxh4 Rb2 48. Rc4 Kf6 49. Rc3 Ke7 50. Rd3 f5
51. f4 Bc5 52. Rc3 Bd4 53. Rd3 Bb6 54. Bd1 Rf2+ 55. Ke1 Rh2 56. Kf1 Rf2+
57. Ke1 Rb2 58. Kf1 Bc5 59. Be2 Kf6 60. Bd1 Rf2+ 61. Ke1 Rh2 62. Kf1 Rb2
63. Rc3 Ba7 64. Rc2 Rb1 65. Rd2 Ra1 66. Kg2 Ra3 67. Re2 Bd4 68. Bc2 e5 69.
fxe5+ Bxe5 70. Rf2 Rxg3+ 71. Kf1 f4 72. Bd1 Ra3 73. Rf3 Ra1 74. Ke2 Ra2+
75. Kf1 Kf5 76. Be2 Ra1+ 77. Kg2 Bd4 78. Bd3+ Kg4 79. Be2 Kg5 80. Rd3 Ra4
81. Kf3 Kf5 82. Bd1 Rb4 83. Bb3 Ke5 84. Ke2 Rb6 85. Rh3 Kf5 86. Bc2+ Kg4
87. Rd3 Re6+ 88. Kf1 Be3 89. Rd5 Rc6 90. Bd1+ f3 91. Rd3 Kf4 92. Rd8 Rc1
93. Ke1 Kg4 94. Rg8+ Bg5 95. Rd8 Ra1 96. Kf2 Ra2+ 97. Kf1 Bh4 98. Rd3 Rf2+
99. Kg1 Rg2+ 100. Kf1 Rf2+ 101. Kg1 Re2 102. Bxe2 fxe2 103. Re3 e1=R+ 104.
Rxe1 Bxe1 1/2-1/2

[Event "World Blitz 2023"]
[Site "Samarkand UZB"]
[Date "2023.12.30"]
[Round "21.6"]
[White "Rapport, Richard"]
[Black "Indjic, Aleksandar"]
[Result "1/2-1/2"]
[WhiteElo "2748"]
[BlackElo "2631"]
[EventDate "2023.12.29"]

1. e4 e5 2. Nc3 Nf6 3. Bc4 Bc5 4. d3 Nc6 5. h3 O-O 6. Nge2 Na5 7. O-O Nxc4
8. dxc4 a6 9. a4 d6 10. Ng3 Bd4 11. Nce2 Ba7 12. Qd3 Bd7 13. Kh1 Re8 14.
Nc3 Bd4 15. Nce2 Ba7 16. b3 h6 17. Be3 Bxe3 18. fxe3 Be6 19. Nc3 Nh7 20. a5
Qg5 21. Rf3 Qh4 22. Nf5 Bxf5 23. Rxf5 g6 24. Rff1 Ng5 25. Kh2 Kg7 26. Nd5
Rac8 27. Nf6 Re6 28. Ng4 h5 29. Nf2 Nh7 30. g3 Qe7 31. Nd1 h4 32. g4 Ng5
33. Nc3 c6 34. Na4 1/2-1/2

[Event "World Blitz 2023"]
[Site "Samarkand UZB"]
[Date "2023.12.30"]
[Round "21.8"]
[White "Lazavik, Denis"]
[Black "Sarana, Alexey"]
[Result "1-0"]
[WhiteElo "2556"]
[BlackElo "2707"]
[EventDate "2023.12.29"]

1. d4 Nf6 2. c4 e6 3. Nf3 d5 4. g3 Be7 5. Bg2 O-O 6. O-O c6 7. b3 b6 8. Qc2
Nbd7 9. Rd1 Ba6 10. Nbd2 Rc8 11. e4 c5 12. exd5 exd5 13. Bb2 cxd4 14. Nxd4
b5 15. Qf5 bxc4 16. bxc4 Qb6 17. Rab1 dxc4 18. Ba3 Bxa3 19. Rxb6 axb6 20.
Nc6 Rfe8 21. Nb1 Bc5 22. Nc3 Nf8 23. a4 Bb7 24. Na7 Rb8 25. Bxb7 Rxb7 26.
Nab5 Rbe7 27. Kg2 Ng6 28. Nd6 Re5 29. Qc2 Bxd6 30. Rxd6 R5e6 31. Rxe6 Rxe6
32. Qd2 h5 33. Qd8+ Kh7 34. Qc7 Ne7 35. Qxc4 g6 36. Nb5 Nf5 37. Nc7 Re7 38.
Qc6 Ng4 39. h3 Ne5 40. Qxb6 Nd3 41. Nd5 Re5 42. Nb4 Ne1+ 43. Kf1 Nf3 44.
Nd3 Nd2+ 45. Kg2 Rd5 46. Nf4 Rd7 47. a5 Nc4 48. Qc6 Ne5 49. Qb5 Re7 50. a6
Nd4 51. Qc5 Ndc6 52. Nd5 Ra7 53. f4 Rxa6 54. fxe5 Ra2+ 55. Kf1 Ra1+ 56. Ke2
Ra2+ 57. Kd1 Ra6 58. Nf6+ Kg7 59. Qc3 Nd8 60. e6 Nxe6 61. Nxh5+ Kh7 62.
Nf6+ Kg7 63. Ne4+ Kh7 64. Qf6 Ra7 65. Ng5+ Nxg5 66. Qxg5 Ra3 67. Qf6 Kg8
68. Qd6 Rf3 69. Ke2 Rf5 70. g4 Rb5 71. Kf3 Rb3+ 72. Kg2 Rb2+ 73. Kg3 Rb3+
74. Kh4 Rb5 75. Qd4 Rb3 76. Qc4 Re3 77. Qc8+ Kg7 78. Qc5 Re4 79. Qc3+ Kg8
80. Kg5 Kh7 81. Qf6 Kg8 82. Kh6 Kf8 83. Kh7 Re6 84. Qd8+ Re8 85. Qd6+ Re7
86. Kh6 Ke8 87. Kg7 Rd7 88. Qe5+ Re7 89. Qb8+ Kd7 90. Kf6 1-0

[Event "World Blitz 2023"]
[Site "Samarkand UZB"]
[Date "2023.12.30"]
[Round "21.9"]
[White "Grischuk, Alexander"]
[Black "Murzin, Volodar"]
[Result "1-0"]
[WhiteElo "2699"]
[BlackElo "2591"]
[EventDate "2023.12.29"]

1. d4 d5 2. c4 c6 3. Nf3 Nf6 4. cxd5 cxd5 5. Nc3 Nc6 6. Bf4 Nh5 7. Bd2 Nf6
8. e3 g6 9. Bd3 Bg7 10. h3 O-O 11. O-O Bf5 12. Bxf5 gxf5 13. Qb3 Na5 14.
Qc2 e6 15. Ne5 a6 16. f3 Rc8 17. g4 Nd7 18. Nxd7 Qxd7 19. Rae1 f4 20. exf4
Bxd4+ 21. Kh1 Nc4 22. Qd3 Bg7 23. Bc1 Qc7 24. Nd1 Ne5 25. fxe5 Qxc1 26. f4
Qc2 27. Qf3 Qd2 28. Re2 Qd4 29. Nf2 Qc4 30. g5 d4 31. Ng4 Kh8 32. b3 Qc6
33. Qxc6 bxc6 34. Nf2 c5 35. Rc1 Rc7 36. Rec2 Rfc8 37. Nd3 Bf8 38. Kg2 Kg7
39. Kf3 Be7 40. Rc4 Kg6 41. b4 Kf5 42. bxc5 h6 43. gxh6 Rh8 44. Rxd4 Rxh6
45. c6 Rxh3+ 46. Ke2 Rh2+ 47. Ke3 Rh3+ 48. Ke2 Rh2+ 49. Kf3 Rh3+ 50. Kg2
Re3 51. Kf2 Rh3 52. a4 a5 53. Rcc4 Rh8 54. Ke3 Rh3+ 55. Kd2 Rh2+ 56. Kc3
Rh8 57. Rd7 Rxd7 58. cxd7 Rd8 59. Rd4 f6 60. Kc4 fxe5 61. Nxe5 Bf6 62. Nc6
Bxd4 63. Nxd8 Bb6 64. Nc6 Kxf4 65. Kb5 Bc7 66. d8=Q Bxd8 67. Nxd8 e5 68.
Ne6+ Kf5 69. Nc5 e4 70. Nxe4 Kxe4 71. Kxa5 1-0

[Event "World Blitz 2023"]
[Site "Samarkand UZB"]
[Date "2023.12.30"]
[Round "21.11"]
[White "Muradli, Mahammad"]
[Black "Yu, Yangyi"]
[Result "0-1"]
[WhiteElo "2551"]
[BlackElo "2762"]
[EventDate "2023.12.29"]

1. d4 Nf6 2. c4 e6 3. Nf3 d5 4. g3 Be7 5. Bg2 O-O 6. O-O c6 7. Qc2 Nbd7 8.
Bf4 Nh5 9. Bc1 Nhf6 10. Nbd2 h6 11. e4 b6 12. e5 Nh7 13. cxd5 cxd5 14. h4
Ba6 15. Re1 Rc8 16. Qa4 Nb8 17. Nf1 Qd7 18. Qd1 Nc6 19. Bd2 Nb4 20. Bc3 Rc7
21. a3 Nc6 22. Ne3 Rfc8 23. Rc1 Na5 24. Rc2 Nf8 25. Bxa5 bxa5 26. Rxc7 Qxc7
27. Bf1 Bxf1 28. Rxf1 Qb6 29. Qd2 Rb8 30. Nd1 Nd7 31. Re1 Qb5 32. Kg2 Nb6
33. Re2 Nc4 34. Qe1 a4 35. g4 Qb3 36. h5 Qd3 37. Nc3 0-1

[Event "World Blitz 2023"]
[Site "Samarkand UZB"]
[Date "2023.12.30"]
[Round "21.12"]
[White "Praggnanandhaa, R"]
[Black "Makarian, Rudik"]
[Result "0-1"]
[WhiteElo "2665"]
[BlackElo "2540"]
[EventDate "2023.12.29"]

1. Nf3 Nf6 2. g3 d5 3. Bg2 e6 4. O-O Be7 5. d3 O-O 6. Nbd2 c5 7. e4 Nc6 8.
Re1 Qc7 9. e5 Nd7 10. Qe2 b5 11. Nf1 Bb7 12. h4 Rfc8 13. Bf4 a5 14. Ne3 Qd8
15. h5 h6 16. Ng4 Bf8 17. Qd2 a4 18. a3 Ra6 19. Ngh2 Be7 20. g4 Ba8 21. Kh1
d4 22. Re2 Qa5 23. Qc1 Qd8 24. Qd2 Qa5 25. Qxa5 Nxa5 26. g5 hxg5 27. Nxg5
Bxg2+ 28. Kxg2 c4 29. Nhf3 cxd3 30. cxd3 Nb3 31. Rg1 Nbc5 32. Rc1 Raa8 33.
Rec2 Rd8 34. Rd1 Nb3 35. Ne4 Rac8 36. Re2 Nb6 37. Bg5 Nd5 38. Kg3 f6 39.
Bh4 Kf7 40. Rg1 Rh8 41. Ned2 Nxd2 42. Rxd2 Rxh5 43. Kg2 Nf4+ 44. Kg3 Ng6
45. exf6 gxf6 46. Kg4 f5+ 0-1